01473ngm a2200265 a 450000500170000000800390001702000150005608200180007110000310008924500700012025000190019030000350020949000300024452005190027465000460079365000410083965000530088065000600093365000560099326400350104933600270108433700330111133800280114404000350117220220317000613.0160601s2002 ck g 000 0 spa a958080401X04a578.7698bG251 aRiaño La Rotta, Fernando13aLa gente de los manglarescFernando Riaño La RottahVideocasete a1a. edición  a1 videocasete (ca. 26 minutos) aExpediciones por Colombia aA lo largo de las costas del Pacífico colombiano toda la comunidad de raíces africanas teje su vida alrededor de los manglares, esos magníficos y hermosos bosques anfibios que crecen a la orilla del mar y albergan una flora y fauna excepcional. Perezosos, pelícanos, tucanes, una gran variedad de aves y animales marinos conviven en el manglar al ritmo de las mareas que suben y bajan, y que derterminan la existencia de los hombres. Descubra la belleza única de nuestro país en estos mágicos parajes142LEMB aManglaresvVideocaseteszColombia 142LEMB aAves vVideocaseteszColombia142LEMB aAnimales marinos vVideocaseteszColombia142LEMB aEcología de manglares vVideocaseteszColombia142LEMB aFauna de manglares vVideocaseteszColombia  aBogotá bVideo Factoryc2002 atextobtxt2rdacontent asin mediaciónbn2rdamedia avolumenbnc2rdacarrier aCO-BoRNBPbspaerdacCO-BoRNBP